| 000 | 00538nam a22001817a 4500 | ||
|---|---|---|---|
| 999 |
_c526440 _d526440 |
||
| 003 | NUST | ||
| 020 |
_a978-969-593-087-8 _qHBK |
||
| 038 | _aFaiza | ||
| 082 |
_a891.421 _bIMR |
||
| 100 |
_aImran, S.A _917443 |
||
| 245 |
_aPani da Parchawan / _cS.A. Imran |
||
| 260 |
_aLahore : _bSanjh Publications, _c2013. |
||
| 300 | _a128 p. ; | ||
| 880 |
_6100-01\r _aایس-اے عمران |
||
| 880 |
_6245-02\r _aپانی دا پرچھاواں / |
||
| 880 |
_6260-03\r _aلاہور : _bسانجھ پبلیکیشنز, _c۲۰۱۳. |
||
| 942 |
_2ddc _cBK |
||